000 00843cam a2200253 i 4500
008 141225s1997 io b 001 0 eng d
020 _a9789794013090
020 _a9794013099
040 _aEG-GiCUC
_bind
_cEG-GiCUC
043 _aa-io---
092 0 4 _a371.20709598
_bD626
_221
099 _a04
_a371.20709598 D626
100 1 _aDjojonegoro, Wardiman.
245 1 0 _aFifty years development of Indonesian education /
_cby Wardiman Djojonegoro.
260 _aJakarta :
_bMinistry of Education and Culture,,
_c1997.
300 _aXI, 535, [25] p. ;
_c26x26 cm.
504 _aIncludes bibliographical references and index.
650 0 _aEducational planning
_zIndonesia.
902 _a2
905 _aEman
_eRev.
905 _aJamal
_eCat.
942 _2ddc
_cBK
999 _c136899
_d136899